00709 2200241 4500001002100000005001500021035002500036090001400061245011900075260003600194300003500230007000300265008004100268040001700309082001200326084001200338650004300350850001200393700001900405700001300424990001500437990001500452YOGYA00000000008675920240430084025 a0010-081400000086476 aK 420 KOM aKompetensi komunikatif bahasa Inggris untuk Kelas 2 Semester 4 SMP /cSuparno, Juju Wachjudin, Ardjilah...[et.all] aKlaten :bIntan Pariwara,c1990 aiv, 73 hlm. :bilus. ;c30 cm.ta131205s1990 jtia g ind d aYOPDYOGbind 222a420 a420 KOM aBahasa Inggris--xStudi dan pengajaran aYOPDYOG aJuju Wachjudin aArdjilah a60260-P/95 a60259-P/95